<The> Tax/benefit position of employees 1997

Guardado en:
Detalles Bibliográficos
Formato: Libro
Lenguaje:inglés
francés
Publicado: Paris OECD 1999
Materias:
Etiquetas: Agregar Etiqueta
Sin Etiquetas, Sea el primero en etiquetar este registro!

MARC

LEADER 00000nam a2200000 4500
001 c122179
005 20240104114737.4
020 |a 92-64-05833-8 
041 0 |a eng 
041 0 |a fre 
044 |a FR 
245 1 0 |a <The> Tax/benefit position of employees 1997 
264 1 |a Paris  |b OECD  |c 1999 
300 |a 379 s. 
610 2 0 |a dane 
610 2 0 |a dane zo mzdy 
610 2 0 |a dane z príjmov 
610 2 0 |a systémy daňové 
610 2 0 |a zdaňovanie 
610 2 0 |a úľavy daňové 
610 2 0 |a zamestnanci 
610 2 0 |a zamestnanci štátni 
610 2 0 |a OECD